Central Library OPAC University of Rajshahi

Cytogenetical Studies In Chilli (Capsicum Annuum L.) / (Record no. 80200)

MARC details
000 -LEADER
fixed length control field 00800nam a22002297a 4500
001 - CONTROL NUMBER
RUCL Control Number 80200
003 - CONTROL NUMBER IDENTIFIER
rucl marc code BD-RjUL
005 - DATE AND TIME OF LATEST TRANSACTION
control field 20220814102815.0
008 - FIXED-LENGTH DATA ELEMENTS--GENERAL INFORMATION
fixed length control field 220814s1990 bg a|||| m||| 00| 0 eng d
035 ## - SYSTEM CONTROL NUMBER
system control number (BD-RjUL)80200
040 ## - CATALOGING SOURCE
Original cataloging agency BD-RjUL
Language of cataloging eng
Transcribing agency BD-RjUL
Modifying agency BD-RjUL
041 ## - LANGUAGE CODE
Language code of Book eng
082 ## - DEWEY DECIMAL CLASSIFICATION NUMBER
DDC Edition number 23
Classification number 572.8
Author mark and Year HOC 1990
100 ## - MAIN ENTRY--PERSONAL NAME
Personal name Hossain, Md. Daud
9 (RLIN) 4375
245 10 - TITLE STATEMENT
Title Cytogenetical Studies In Chilli (Capsicum Annuum L.) /
Statement of responsibility, etc By Md. Daud Hossain ;
Name of Supervisor/Co-Supervisor Supervisor : M. A. Khaleque
260 ## - PUBLICATION, DISTRIBUTION, ETC. (IMPRINT)
Name of publisher, distributor, etc Department of Botany, University of Rajshahi,
Place of publication, distribution, etc Rajshahi :
Date of publication, distribution, etc 1990
300 ## - PHYSICAL DESCRIPTION
Pagination [19], 198 leaves :
Other physical details ill, ;
Dimensions 29.cm.
502 ## - DISSERTATION NOTE
Dissertation note Thesis (M. Phil) -- Department of Botany, University of Rajshahi, 1990
650 ## - SUBJECT ADDED ENTRY--TOPICAL TERM
Topical term or geographic name as entry element Cytogenetics
9 (RLIN) 3774
700 ## - ADDED ENTRY--SUPERVISOR/CO-SUPERVISOR NAME
Personal name Khaleque, M. A. Supervisor
9 (RLIN) 4376
942 ## - ADDED ENTRY ELEMENTS (KOHA)
Source of classification or shelving scheme Dewey Decimal Classification
Koha item type Theses
Holdings
Source of classification or shelving scheme Damaged status Not for loan Collection code Permanent Location Current Location Shelving location Date of accession Source of acquisition Total Checkouts Full call number Barcode Date last seen Copy number Thesis
Dewey Decimal Classification   Not For Loan Theses Central Library, University of Rajshahi Central Library, University of Rajshahi Documentation Section 23/10/1991 Controller of Exam. R.U.   THE 572.8 HOC 1990 D1554 14/08/2022 C-1 Theses